000 00393nam a2200145Ia 4500
005 20250701015054.0
008 240331s9999 xx 000 0 und d
082 _bDIS
_a891
100 _aDissanayake,W
245 0 _aNawa kavi saraniya
260 _aColombo
_bPradeepa Publishers
300 _a135 p .,w
500 _aA P.O.S (Advanced Level) Examination Scheduled - The new poet
942 _cL
999 _c4853
_d4853